| 000 | 00450nam a2200145Ia 4500 | ||
|---|---|---|---|
| 005 | 20260328104305.0 | ||
| 008 | 260328s9999||||xx |||||||||||||| ||und|| | ||
| 100 | _aMarco Tulio Peraza Guzmán | ||
| 245 | 0 |
_aSegunda Modernidad Urbano Arquitectónica : _b Proyectos y Obras / _cMarco Tulio Peraza Guzmán |
|
| 250 | _a1a ed. | ||
| 260 | _bUniversidad Autónoma Metropolitana | ||
| 300 | _a363 p. | ||
| 650 | _aLOS AUTORES Y SUS OBRAS | ||
| 942 | _cBK | ||
| 999 |
_c10750 _d10750 |
||